E-fakturácia v eurozóne je zatiaľ viac koncept ako realita

Elektronická fakturácia (electronic invoicing, e-invoicing) ako elektronický transfér informácií o fakturácii. Bariéry rozšírenia e-fakturácie. Úspešné príklady e-fakturácie. SEPA a e-fakturácia. VAT smernica a elektronický podpis.

Gespeichert in:
Bibliographische Detailangaben
1. Verfasser: Hoschek, Dušan
Format: Buchkapitel
Sprache:Slowakisch
Schlagworte:
Tags: Tag hinzufügen
Keine Tags, Fügen Sie das erste Tag hinzu!

MARC

LEADER 00000naa$a2200000$$$4500
001 0095103
005 20231116085304.4
041 0 |a slo 
044 |a SK 
245 1 0 |a E-fakturácia v eurozóne je zatiaľ viac koncept ako realita  |c Dušan Hoschek 
520 |a Elektronická fakturácia (electronic invoicing, e-invoicing) ako elektronický transfér informácií o fakturácii. Bariéry rozšírenia e-fakturácie. Úspešné príklady e-fakturácie. SEPA a e-fakturácia. VAT smernica a elektronický podpis. 
610 2 0 |a fakturovanie 
610 2 0 |a informácie 
610 2 0 |a technológie informačné 
610 2 0 |a účtovanie 
610 2 0 |a eurozóna 
610 2 0 |a podpis elektronický 
610 2 0 |a systémy platobné 
100 1 |a Hoschek, Dušan